=LDR 00000nam 2200000 4500 =001 INLIS000000000008135 =005 20130612100038 =008 ***********************************Ind** =035 ##$$0010-061300000008135 =041 ##$$a Ind =082 ##$$a 261 =090 ##$$a 261, Nas a =100 ##$$a NASHIR, Haedar =245 ##$$a Agama dan krisis kemanusiaan modern, Haedar Nashir =260 ##$$a 1997 $b Yogyakarta =300 ##$$a x, 192 hlm., 21 cm =650 ##$$a Agama, Kemerdekaan